01186nam a2200229Ia 4500008004100000020001500041041001200056082001600068100001700084245006100101250000800162260002500170300000800195650000700203700001400210942000700224999001500231952016100246952018300407952018300590952018300773221030s9999 xx 000 0 und d a0070593574 aEnglish a105.23bMit aV. N. Mittle 0aBasic Electrical Engineeringcby V. N. Mittle, A. Mittal a2nd bTMHaNew Delhic2006 a828 aEE aA. Mittal cBK c4258d4258 pBE 8352g210.00l0o105.23 Mitr2024-06-13 00:00:00w2022-10-30yBK003Print4071aMIETLIBbMIETLIBcBL-Second, FL-1, CUP-24, SH-3, R-3d2006-11-0210HBE pBE 8353g250.00l4o105.23 Mitr2025-11-27 11:32:11s2025-11-10w2022-10-30yBK003Print4070aMIETLIBbMIETLIBcBL-Academic Block A, FL-1, CUP-30, SH-3, R-3d2006-11-0210HBE pBE 8354g250.00l3o105.23 Mitr2025-11-25 00:00:00s2025-10-10w2022-10-30yBK003Print4070aMIETLIBbMIETLIBcBL-Academic Block A, FL-1, CUP-30, SH-3, R-3d2006-11-0210HBE pBE 8356g250.00l4o105.23 Mitr2025-10-29 00:00:00s2025-10-17w2022-10-30yBK003Print4070aMIETLIBbMIETLIBcBL-Academic Block A, FL-1, CUP-30, SH-3, R-3d2006-11-0210HBE